vkie - BRAK KONTROLI - Statystyki

Ogólne statystyki
  • Ten quiz został rozwiązany 12 razy
  • Średni wynik to 5 z 7
Statystyki odpowiedzi
BRAK KONTROLI % Poprawnych
OGCALI
90%
DWA KROKI W TYŁ
80%
FLY
80%
MALI CHŁOPCY
80%
TANI LUZ
70%
CIĘŻKO WAM TO PRZYJĄĆ
40%
NIE UMRĘ STARY I SPŁUKANY
30%
Nie znaleziono quizów pasujących do podanych kryteriów
Rozkład punktacji
Procent ludzi z każdym wynikiem
Percentyl według liczby udzielonych odpowiedzi
Twoja historia wyników
Nie rozwiązałeś tego quizu